| 000 -LEADER |
| fixed length control field |
01307cam a2200325 a 4500 |
| 001 - CONTROL NUMBER |
| control field |
14727921 |
| 005 - DATE AND TIME OF LATEST TRANSACTION |
| control field |
20200227154953.0 |
| 008 - FIXED-LENGTH DATA ELEMENTS--GENERAL INFORMATION |
| fixed length control field |
070208s2008 nyu b 001 0 eng |
| 010 ## - LIBRARY OF CONGRESS CONTROL NUMBER |
| LC control number |
2007005476 |
| 020 ## - INTERNATIONAL STANDARD BOOK NUMBER |
| International Standard Book Number |
9780815341116 (hardcover) |
| 040 ## - CATALOGING SOURCE |
| Original cataloging agency |
DLC |
| Transcribing agency |
DLC |
| Modifying agency |
DLC |
| 050 00 - LIBRARY OF CONGRESS CALL NUMBER |
| Classification number |
QH581.2 |
| Item number |
.M64 2008b |
| 080 ## - UNIVERSAL DECIMAL CLASSIFICATION NUMBER |
| Universal Decimal Classification number |
577.2 M-79 |
| 082 00 - DEWEY DECIMAL CLASSIFICATION NUMBER |
| Classification number |
571.6 |
| Edition number |
22 |
| 245 00 - TITLE STATEMENT |
| Title |
Molecular biology of the cell / |
| Statement of responsibility, etc. |
Bruce Alberts ... [et al.] ; with problems by John Wilson, Tim Hunt. |
| 250 ## - EDITION STATEMENT |
| Edition statement |
5th ed., Reference ed. |
| 264 ## - PRODUCTION, PUBLICATION, DISTRIBUTION, MANUFACTURE, AND COPYRIGHT NOTICE |
| Place of production, publication, distribution, manufacture |
New York : |
| Name of producer, publisher, distributor, manufacturer |
Garland Science, |
| Date of production, publication, distribution, manufacture, or copyright notice |
c2008. |
| 300 ## - PHYSICAL DESCRIPTION |
| Extent |
xxxiii, 1601, [90] p. : |
| Other physical details |
ill. (mostly col.) ; |
| Dimensions |
28 cm. + |
| Accompanying material |
1 DVD-ROM (4 3/4 in.) |
| 504 ## - BIBLIOGRAPHY, ETC. NOTE |
| Bibliography, etc. note |
Includes bibliographical references and index. |
| 650 #0 - SUBJECT ADDED ENTRY--TOPICAL TERM |
| Topical term or geographic name entry element |
Cytology. |
| 9 (RLIN) |
7126 |
| 650 #0 - SUBJECT ADDED ENTRY--TOPICAL TERM |
| Topical term or geographic name entry element |
Molecular biology. |
| 9 (RLIN) |
7570 |
| 653 ## - INDEX TERM--UNCONTROLLED |
| keyword |
ბიოლოგია |
| 700 1# - ADDED ENTRY--PERSONAL NAME |
| Personal name |
Alberts, Bruce. |
| 9 (RLIN) |
7571 |
| 700 1# - ADDED ENTRY--PERSONAL NAME |
| Personal name |
Wilson, John H., |
| Dates associated with a name |
1944- |
| 9 (RLIN) |
7572 |
| 700 1# - ADDED ENTRY--PERSONAL NAME |
| Personal name |
Hunt, Tim, |
| Dates associated with a name |
1943- |
| 9 (RLIN) |
7573 |
| 856 41 - ELECTRONIC LOCATION AND ACCESS |
| Materials specified |
Table of contents only |
| Uniform Resource Identifier |
http://www.loc.gov/catdir/toc/ecip0710/2007005476.html |
| 906 ## - LOCAL DATA ELEMENT F, LDF (RLIN) |
| a |
7 |
| b |
cbc |
| c |
orignew |
| d |
1 |
| e |
ecip |
| f |
20 |
| g |
y-gencatlg |
| 942 ## - ADDED ENTRY ELEMENTS (KOHA) |
| Source of classification or shelving scheme |
|
| Koha item type |
წიგნი |